000 00540nam a22001937a 4500
005 20251108175256.0
008 250721s9999 xx 000 0 ara d
082 1 4 _aط/612/جسم
100 1 _aصالح، بخوش
_eمترجم
245 1 0 _aجسم الإنسان /
264 1 _aبيروت :
300 _a46ص.
490 0 _aبنك المعرفة المصور
650 1 7 _aجسم الانسان
650 1 7 _aالتشريح
653 _aمرحلة ناشؤون صغار (10-14) سنة
942 _2ddc
_cBK
999 _c130299
_d130299